Les 50 personnages les plus puissants de One Piece - Statistiques

Statistiques générales
  • Ce quiz a été pris 118 fois
    36 depuis la dernière actualisation
  • Le résultat moyen est 37 sur 50
Statistiques - réponses
Rôle Personnage % Correct
Chevalier Divin Shamrock
100%
Pirate Barbe Blanche
97%
Roi du Monde Im
97%
Pirate Shanks
97%
Pirate Barbe Noire
94%
Pirate Big mom
94%
Pirate Gol d Roger
94%
Pirate Kaido
94%
Marine Monkey D Garp
94%
Pirate Rocks d Xebec
94%
Pirate Joy Boy
91%
Samouraï Ryuma
91%
Révolutionnaire Dragon
88%
Pirate Katakuri
88%
Pirate King
88%
Pirate Law
88%
Géant Loki
88%
Pirate Zoro
88%
Marine Akainu
84%
Pirate Marco
84%
Doyen Saturn
84%
Marine Aokiji
81%
Pirate Mihawk
81%
Révolutionnaire Sabo
81%
Marine Sengoku
81%
Éléphant Zunesha
81%
Marine Kizaru
78%
Doyen Mars
78%
Pirate Sanji
78%
Marine Fujitora
75%
Pirate Kidd
75%
Géant Harald
72%
Doyen Jupeter
72%
Marine Ryokugyu
72%
Marine Kong
69%
Doyen Garling
66%
Pirate Shiki
66%
Pirate Monkey D Luffy
63%
Pirate Ben Beckman
59%
Doyen Nusjuro
56%
Pirate Shiliew
56%
Pirate Yamato
56%
Pirate Silvers Rayleigh
53%
Pirate Joz
50%
Pirate Kozuki Oden
50%
Pirate Scopper Gaban
44%
Gouvernement Mondial Magellan
41%
Doyen Topman
41%
Pirate Capitaine John
25%
Pirate Hache d’Argent
22%
Aucun quiz correspondant
Distribution des résultats
% des personnes avec chaque résultat
Percentile par nombre de réponses
Votre historique - résultats
Vous n’avez pas pris ce quiz depuis la dernière actualisation